[Event "Caorle op-B"]
[Site "Caorle"]
[Date "1991.07.09"]
[Round "4.22"]
[White "Cetkovic, Srdjan"]
[Black "Gardenal, Mario"]
[Result "1-0"]
[WhiteElo "2000"]
[BlackElo "1800"]
[PlyCount "160"]
[EventDate "1991.07.05"]
[EventType "swiss"]
[EventRounds "8"]
[EventCountry "ITA"]
[SourceTitle "EXT 2023"]
[Source "ChessBase"]
[SourceDate "2022.10.05"]
[SourceVersion "1"]
[SourceVersionDate "2022.10.05"]
[SourceQuality "1"]

1. e4 e6 2. d4 d5 3. exd5 exd5 4. Bd3 Nc6 5. c3 Bd6 6. Ne2 Qh4 7. Qb3 Nge7 8. Nd2 Qg4 9. Ng3 h5 10. 0-0 h4 11. Ne2 h3 12. g3 Nd8 13. f3 Qe6 14. Qc2 g6 15. Nb3 Nf5 16. Nf4 Ne3 17. Nxe6 Nxc2 18. Nxc7+ Bxc7 19. Bxc2 b6 20. Bd3 Ne6 21. Bd2 Bd7 22. c4 dxc4 23. Bxc4 b5 24. Bd3 Bb6 25. Rfe1 Kf8 26. Be3 Rh5 27. g4 Rh8 28. Nc5 Bxc5 29. dxc5 Bc6 30. Kf2 Rd8 31. Be2 Kg7 32. Rad1 a6 33. b4 Nc7 34. Rd6 Rxd6 35. cxd6 Nd5 36. Bc5 f6 37. Bf1 Re8 38. Rxe8 Bxe8 39. Bxh3 Nc3 40. a3 Nb1 41. Bf1 Nxa3 42. Bd3 Bd7 43. Bd4 Kf7 44. Ke3 Nc4+ 45. Bxc4+ bxc4 46. h4 f5 47. gxf5 Bxf5 48. Kf4 Bd7 49. Ke5 Bc6 50. f4 Ke8 51. f5 gxf5 52. Kxf5 Bf3 53. Ke6 Bh5 54. Kd5 Kd7 55. Kc5 Bf7 56. Be5 Ke6 57. Bg7 Kd7 58. Bc3 Kc8 59. Kb6 Kd7 60. Kxa6 Kxd6 61. b5 Ke7 62. Kb6 Bh5 63. Kc5 Be2 64. b6 Kd7 65. Kb5 Bf3 66. Kxc4 Kc6 67. Bd4 Kd6 68. Kd3 Ke6 69. h5 Kf7 70. h6 Kg6 71. Be3 Kh7 72. Kd4 Kg8 73. Ke5 Kh7 74. Kd6 Kg8 75. Kc7 Kh7 76. b7 Bxb7 77. Kxb7 Kg8 78. Kc6 Kh7 79. Kd5 Kg6 80. Ke4 Kf6 1-0

[Event "Caorle op-B"]
[Site "Caorle"]
[Date "1991.07.06"]
[Round "1.11"]
[White "Segatini, Andrea"]
[Black "Cetkovic, Srdjan"]
[Result "0-1"]
[WhiteElo "1615"]
[BlackElo "2000"]
[PlyCount "73"]
[EventDate "1991.07.05"]
[EventType "swiss"]
[EventRounds "8"]
[EventCountry "ITA"]
[SourceTitle "EXT 2023"]
[Source "ChessBase"]
[SourceDate "2022.10.05"]
[SourceVersion "1"]
[SourceVersionDate "2022.10.05"]
[SourceQuality "1"]

1. e4 c6 2. d4 d5 3. exd5 cxd5 4. c4 Nc6 5. Nc3 Nf6 6. Nf3 e6 7. c5 Be7 8. a3 b6 9. Bb5 Bd7 10. Bxc6 Bxc6 11. Ne5 Qc8 12. Nxc6 Qxc6 13. b4 bxc5 14. bxc5 0-0 15. 0-0 Nd7 16. Be3 Bf6 17. f4 Nxc5 18. Rc1 Nd7 19. Ne4 Qa6 20. Nxf6+ Nxf6 21. Rc3 Rac8 22. Rxc8 Rxc8 23. Qb3 Ne4 24. Rc1 Rxc1+ 25. Bxc1 h6 26. Qe3 Qa4 27. h3 Qd1+ 28. Kh2 h5 29. Qg1 Qc2 30. Qe1 g6 31. Qe3 h4 32. Qe1 Ng3 33. Be3 Qd3 34. Bf2 Qxa3 35. Bxg3 Qxg3+ 36. Qxg3 hxg3+ 37. Kxg3 0-1